Les civilisations de l'Afrique du Nord (Record no. 120195)
[ view plain ]
| 000 -LEADER | |
|---|---|
| campo de control de longitud fija | 00514nam a2200169 i 4500 |
| 001 - NÚMERO DE CONTROL | |
| campo de control | 120195 |
| 003 - IDENTIFICADOR DE NÚMERO DE CONTROL | |
| campo de control | ES-MaACL |
| 005 - FECHA Y HORA DE LA ÚLTIMA TRANSACCIÓN | |
| campo de control | 20230906191502.0 |
| 007 - CAMPO FIJO DE DESCRIPCIÓN FÍSICA--INFORMACIÓN GENERAL | |
| campo de control de longitud fija | t| |
| 008 - DATOS DE LONGITUD FIJA--INFORMACIÓN GENERAL | |
| campo de control de longitud fija | 070214s1909 fr r ||||1| fre d |
| 100 1# - ENTRADA PRINCIPAL--NOMBRE DE PERSONA | |
| Nombre de persona | Piquet, Victor. |
| 9 (RLIN) | 92335 |
| 245 14 - MENCIÓN DEL TÍTULO | |
| Título | Les civilisations de l'Afrique du Nord |
| Resto del título | : berbéres, arabes, turcs / |
| Mención de responsabilidad, etc. | Victor Piquet. |
| 260 ## - PUBLICACIÓN, DISTRIBUCIÓN, ETC. | |
| Lugar de publicación, distribución, etc. | Paris : |
| Nombre del editor, distribuidor, etc. | Armand Colin, |
| Fecha de publicación, distribución, etc. | 1909. |
| 300 ## - DESCRIPCIÓN FÍSICA | |
| Extensión | X, 396 p. ; |
| Dimensiones | 18 x 12 cm + |
| Material acompañante/anejo | 4 map. |
| 651 #4 - PUNTO DE ACCESO ADICIONAL DE MATERIA--NOMBRE GEOGRÁFICO | |
| Nombre geográfico | Magreb- |
| Subdivisión general | Civilización. |
| 9 (RLIN) | 9085 |
| 852 ## - LOCALIZACIÓN | |
| Ubicación | ES-MaACL |
| Número de control de estantería | C-595 |
| Estatus retirado | Estado de pérdida | Estado de daño | No para préstamo | Biblioteca de origen | Biblioteca actual | Ubicación en estantería | Fecha de adquisición | Fuente de adquisición | Total de préstamos | Signatura topográfica completa | Código de barras | Visto por última vez | Precio de reemplazo | Tipo de ítem Koha |
|---|---|---|---|---|---|---|---|---|---|---|---|---|---|---|
| Biblioteca del Ateneo de Madrid | Biblioteca del Ateneo de Madrid | Sala Palomar | 17/01/2008 | C-595 | 1125284 | 23/02/2023 | 23/02/2023 | Libro impreso |
